Culture Générale - Série 1266 - Statistiques

Statistiques générales
  • Ce quiz a été pris 92 fois
  • Le résultat moyen est 6 sur 10
Statistiques - réponses
Question Réponse % Correct
Quel contraire de "déflation" désigne une hausse généralisée et continue des prix ? inflation
96%
Quelle fine galette souple, cuite à la poêle ou sur une plaque, consommée sucrée ou salée, peut être "de froment" ou "de sarrasin" ? crêpe
95%
Dans quelle ville de l'Allier, le gouvernement de l'État français fut-il installé durant l'occupation ? Vichy
91%
Dans quelle capitale peut-on se promener dans le parc Gorki ? Moscou
63%
Quel emblème figure sur le drapeau corse ? tête de Maure
57%
Par quel terme désigne-t-on l'appauvrissement continu d'une population ? paupérisation
38%
En 1966, dans la série “Star Trek”, qui est le capitaine du vaisseau spatial "Enterprise" ? capitaine Kirk
32%
En 1920, quel homme politique succède à Paul Deschanel à la présidence de la République française ? Alexandre Millerand
30%
En 1888, quel philosophe allemand écrit un ouvrage intitulé "Ecce Homo" ? Friedrich Nietzsche
28%
De quel archipel Mahé est-elle l'île principale ? Seychelles
23%
Aucun quiz correspondant
Distribution des résultats
% des personnes avec chaque résultat
Percentile par nombre de réponses
Votre historique - résultats
Vous n’avez pas pris ce quiz